| 000 | 00408 a2200157 4500 | ||
|---|---|---|---|
| 005 | 20250628151641.0 | ||
| 020 | _a0-8147-4725-6 | ||
| 082 | _a378.1' KEA | ||
| 100 | _aKEATING, A.B. | ||
| 245 | _aThe Wired Professor, | ||
| 250 | _a3th Ed. | ||
| 260 |
_aNew York, _bNew York University Press, _c1999. |
||
| 300 |
_axx; 256p: ill; Figure, picture, _bIndex, _c29cm. |
||
| 700 | _aHARGITAI, J. | ||
| 942 |
_2ddc _cBKS |
||
| 999 |
_c6083 _d6083 |
||